Minecraft mobs that drop food - Statistics

General Stats
  • This quiz has been taken 72 times
  • The average score is 15 of 26
Answer Stats
Answer % Correct
Zombie
96%
Cow
95%
Pig
93%
Sheep
89%
Chicken
88%
Salmon
82%
Cod
79%
Tropical Fish
72%
Pufferfish
70%
Rabbit
70%
Hoglin
68%
Spider
67%
Drowned
60%
Husk
54%
Mooshroom
51%
Zombie Villager
47%
Cave Spider
44%
Piglin
42%
Villager
42%
Zombified Piglin
40%
Dolphin
37%
Elder Guardian
37%
Guardian
37%
Polar Bear
37%
Piglin Brute
23%
Wandering Trader
18%
No matching quizzes found
Score Distribution
Percent of People with Each Score
Percentile by Number Answered
Your Score History
You have not taken this quiz